Library Banner

کنگن بور اور نواح کی تاریخ (Record no. 74427)

MARC details
000 -LEADER
fixed length control field 00428nam a22001457a 4500
005 - DATE AND TIME OF LATEST TRANSACTION
control field 20150820110739.0
008 - FIXED-LENGTH DATA ELEMENTS--GENERAL INFORMATION
fixed length control field 150820b xxu||||| |||| 00| 0 eng d
040 ## - CATALOGING SOURCE
Transcribing agency PK-LaUMT
082 ## - DEWEY DECIMAL CLASSIFICATION NUMBER
Classification number KHC 954.9143
Item number ABD-K
100 ## - MAIN ENTRY--PERSONAL NAME
Personal name عبدالغفار رازی
245 ## - TITLE STATEMENT
Title کنگن بور اور نواح کی تاریخ
Statement of responsibility, etc عبدالغفار رازی
260 ## - PUBLICATION, DISTRIBUTION, ETC. (IMPRINT)
Place of publication, distribution, etc لاہور
Name of publisher, distributor, etc کنگن پور
Date of publication, distribution, etc 2010
300 ## - PHYSICAL DESCRIPTION
Extent 143 ص
942 ## - ADDED ENTRY ELEMENTS (KOHA)
Koha item type Books
Holdings
Withdrawn status Lost status Damaged status Home library Current library Date acquired Full call number Barcode Date last seen Price effective from Koha item type
      UMT Main Campus UMT Main Campus 2015-08-20 KHC 954.9143 ABD-K 74132 2018-10-08 2015-08-20 Books